000 00787nam a2200277Ia 4500
003 OSt
005 20221006140816.0
006 a|||||r|||| 00| 0
007 ta
008 221006b |||||||| |||| 00| 0 eng d
020 _c¥2960
024 _a689
037 _bGift, Japan Foundation
_cTextual
040 _aEASL
_cEASL
_beng
041 _2eng
_aeng
082 _aMZAa342, N4
100 _aMAKINO Yasuko
_9643503
245 0 _aStudent guide to Japanese sources in the humanities
260 _aMichigan
_bUniversity of Michigan
_c1994
300 _a155p.
_ccm.
490 _v BB
650 _aJEL
700 _a SAITO Masaei
_9643504
942 _hMZAa342, N4
_cTEXL
_2CC
999 _c1068776
_d1068776